| 000 | 00933cab a2200277 4500 | ||
|---|---|---|---|
| 001 | ABS51884 | ||
| 008 | 090401t1994 xxu||||| |||| 00| 0 eng d | ||
| 035 | _a(Sirsi) u48737 | ||
| 041 | _aeng | ||
| 100 | _aChevin, D. | ||
| 245 | _aSubcontractor`s charter: terms of endearment | ||
| 260 | _c1994 | ||
| 350 | _a0 | ||
| 490 |
_aBuilding _v259(7871) 2 December 1994, 18-19(2) |
||
| 520 | _aDiscusses Wimpey Construction`s pilot project of a Subcontractor`s Charter to reduce long tender lists and introduce competitive partnering and selective bidding, as a response to the recommendations of Sir Michael Latham`s report. | ||
| 650 | _aCOMPETITIVE PARTNERING | ||
| 650 | _aLATHAM REFORMS | ||
| 650 | _aPARTNERING | ||
| 650 | _aSELECTIVE BIDDING | ||
| 650 | _aSUBCONTRACTORS CHARTER | ||
| 650 | _aSUBCONTRACTORS | ||
| 650 | _aWIMPEY CONSTRUCTION | ||
| 690 | _aBUILT ENVIRONMENT | ||
| 942 | _n0 | ||
| 948 | _c04/03/1997 | ||
| 999 |
_c30608 _d30608 |
||